000
00281nam a22001337a 4500
008
171010b xxu||||| |||| 00| 0 eng d
020
_a
9780073127644
041
_a
eng
080
_2
4TH
_a
316
100
_a
50
101
_a
SOC
245
_a
WOMEN
_c
KESSELMAN,A
942
_2
udc
_c
BK
999
_c
32976
_d
32976